| 000 | 00486nam a2200181Ia 4500 | ||
|---|---|---|---|
| 008 | 210423s2008 xx 000 0 und d | ||
| 020 | _a9788182811225 | ||
| 041 | _aeng | ||
| 082 | _a336 RADN | ||
| 100 | _aRADHAKRISHNAN (N) | ||
| 245 | _aPublic finance: theory and approach | ||
| 260 |
_aDelhi _bVrinda Publications Ltd _c2008 |
||
| 300 |
_ax,414 _bPB |
||
| 365 |
_b225 _cINR |
||
| 650 | _aEconomics | ||
| 650 | _aPublic Finance | ||
| 906 | _aapproach ; finance: ; Public ; theory | ||
| 999 |
_c159280 _d159280 |
||